Capitales des provinces et territoires du Canada - Statistiques

Statistiques générales
  • Ce quiz a été pris 1 034 fois
  • Le résultat moyen est 9 sur 13
Statistiques - réponses
Province / Territoire Capitale % Correct
Québec Québec
91%
Ontario Toronto
89%
Alberta Edmonton
79%
Colombie-Britannique Victoria
76%
Manitoba Winnipeg
70%
Nouvelle-Écosse Halifax
69%
Saskatchewan Regina
69%
Territoires du Nord-Ouest Yellowknife
65%
Île-du-Prince-Édouard Charlottetown
63%
Yukon Whitehorse
62%
Nouveau-Brunswick Fredericton
55%
Nunavut Iqaluit
53%
Terre-Neuve-et-Labrador Saint-Jean de Terre-Neuve
35%
Aucun quiz correspondant
Distribution des résultats
% des personnes avec chaque résultat
Percentile par nombre de réponses
Votre historique - résultats
Vous n’avez pas pris ce quiz